000 00298nam a22001337a 4500
082 _a823
_bDUL/S
100 _aDULLEY, DOMINIC
245 _aSHATTERMOON
246 _aSHATTERMOON
_bSHATTERMOON
260 _aU K
_bJO FLETCHER BOOKS
_c2018
300 _a423
650 _aENGLISH FICTION
942 _cBK
999 _c9122
_d9122